| 000 | 01158cam a22002891 4500 | ||
|---|---|---|---|
| 001 | 30478 | ||
| 003 | BD-RjUL | ||
| 005 | 20211209051554.0 | ||
| 008 | 140410s1953 nyua b 101 0 eng d | ||
| 035 | _a(BD-RjUL)30564 | ||
| 040 |
_aDLC _cDLC _dDLC _dBD-RjUL _beng |
||
| 041 | _aeng | ||
| 082 | 0 | 0 |
_a181.1 _bSTU 1953 |
| 245 | 0 |
_aStudies in Chinese thought / _cedited by Arthur F. Wright ; with contributions by Derk Bodde [and others.] |
|
| 260 |
_aChicago : _bUniversity of Chicago Press, _c1953. |
||
| 300 |
_axiv, 317 p. : _billus. ; _c25 cm. |
||
| 500 | _aBased on papers presented at a conference held by a subcommittee on Chinese thought attached to the Committee on Far Eastern Studies jointly sponsored by the American Council of Learned Societies and the Far Eastern Association. | ||
| 504 | _aIncludes bibliographies. | ||
| 650 | 0 |
_aPhilosophy, Chinese. _950578 |
|
| 650 | 0 |
_aChinese language _xTranslating. _992616 |
|
| 651 | 0 |
_aChina _xCivilization. _992617 |
|
| 700 | 1 |
_aWright, Arthur F., _992618 |
|
| 942 |
_2ddc _cBK |
||
| 999 |
_c30478 _d30478 |
||